000 00845nam a2200217Ia 4500
001 15151
005 20260318173919.0
008 260306t2018||||xx |||||||||||||| ||spa||
041 _aESP
082 _a530
_bS42 V. 1 2018
100 _aSerway, Raymond A.,
_eAUT
245 0 _aFísica para ciencias e ingeniería
260 _c2018
300 _axxvi, 586 páginas :
_c27 cm.
650 _aGEN
654 _aCCN
856 _uhttps://itmsp.museknowledge.com/UCSP?url=https://www.ebooks7-24.com:443/?il=6900&pg=1
_zVersión digital
856 _uhttps://0u213t1e4-y-https-ebooks7--24-com.itmsp.museknowledge.com/biblioteca.aspx
_zVéase además: Base de datos Ebook7-24
856 _uhttps://0u20ft1e8-y-https-research-ebsco-com.itmsp.museknowledge.com/c/qxo6us/search
_zVéase además: Base de datos EBSCOhost
942 _cLIB
_dJUS
_fJUS
_2ddc
999 _c15151
_d15151